Spirituál kvintet
Uloženo v:
| Korporativní autor: | |
|---|---|
| Médium: | Kniha |
| Jazyk: | Czech |
| Vydáno: |
V Brně :
CPress,
2020
|
| Vydání: | 1. vydání |
| Témata: | |
| Celkem bylo vypůjčeno: | 3x |
| Tagy: |
Žádné tagy |
| LEADER | 02362cam a2200613 i 4500 | ||
|---|---|---|---|
| 001 | 92961 | ||
| 003 | CZ PrNK | ||
| 005 | 20240330070059.0 | ||
| 007 | ta | ||
| 008 | 200513s2020 xr ach e 010 0dcze d | ||
| 015 | |a cnb003217537 | ||
| 020 | |a 9788026430865 |q (vázáno) : |c Kč 690,00 | ||
| 040 | |a ULG001 |b cze |d BOA001 |e rda | ||
| 072 | 7 | |a 78.07 |x Hudebníci, skladatelé a jiná hudební povolání |2 Konspekt |9 9 | |
| 080 | |a 785.16.071 |2 MRF | ||
| 080 | |a 784.4 |2 MRF | ||
| 080 | |a 78.071.1/.2 |2 MRF | ||
| 080 | |a 78.04/.06 |2 MRF | ||
| 080 | |a (437.3) |2 MRF | ||
| 080 | |a (082.2) |2 MRF | ||
| 080 | |a (0:82-94) |2 MRF | ||
| 245 | 0 | 0 | |a Spirituál kvintet |
| 246 | 1 | 4 | |a Spirituál kvintet - 60 |
| 250 | |a 1. vydání | ||
| 264 | 1 | |a V Brně : |b CPress, |c 2020 | |
| 300 | |a 223 stran : |b ilustrace (převážně barevné), portréty, faksimile ; |c 31 cm + |e 1 CD audio | ||
| 336 | |a text |b txt |2 rdacontent | ||
| 336 | |a hraná hudba |b prm |2 rdacontent | ||
| 337 | |a bez média |b n |2 rdamedia | ||
| 337 | |a audio |b s |2 rdamedia | ||
| 338 | |a svazek |b nc |2 rdacarrier | ||
| 338 | |a audiodisk |b sd |2 rdacarrier | ||
| 500 | |a Chronologický přehled | ||
| 504 | |a Obsahuje diskografii | ||
| 610 | 2 | 7 | |a Spirituál kvintet |7 kn20010710313 |2 czenas |
| 648 | 4 | |a 1960-2020 | |
| 648 | 7 | |a 20.-21. století |7 ch462155 |2 czenas |9 53009 | |
| 650 | 0 | 7 | |a hudební skupiny |7 ph120924 |z Česko |y 20.-21. století |2 czenas |
| 650 | 0 | 7 | |a folk |7 ph119202 |z Česko |y 20.-21. století |2 czenas |
| 650 | 0 | 7 | |a hudebníci |7 ph117204 |z Česko |y 20.-21. století |2 czenas |
| 650 | 0 | 7 | |a hudba a společnost |7 ph120871 |z Česko |y 20.-21. století |2 czenas |
| 650 | 0 | 9 | |a musical groups |z Czechia |y 20th-21st centuries |2 eczenas |
| 650 | 0 | 9 | |a folk music |z Czechia |y 20th-21st centuries |2 eczenas |
| 650 | 0 | 9 | |a musicians |z Czechia |y 20th-21st centuries |2 eczenas |
| 650 | 0 | 9 | |a music and society |z Czechia |y 20th-21st centuries |2 eczenas |
| 655 | 7 | |a jubilejní publikace |7 fd131839 |2 czenas |9 53443 | |
| 655 | 7 | |a vzpomínky |7 fd133830 |2 czenas | |
| 655 | 9 | |a jubilee books |2 eczenas | |
| 655 | 9 | |a reminiscences |2 eczenas | |
| 710 | 2 | |a Spirituál kvintet |7 kn20010710313 |4 aut | |
| 910 | |a UOG502 | ||
| 942 | |2 ddc |c KN | ||
| 999 | |c 92961 |d 92961 | ||
| 993 | |0 0 |1 421180093398 |2 ddc |4 0 |6 78_000000000000000 |7 0 |9 80585 |b 0 |c 93398 |d 2020-04-23 |e 3 |f DOSP |g 78 |h 690.00 |i Koupě |l DOSP |m 2 |r 2021-02-04 |s 2020-09-10 |t 5 |w 2020-04-23 |y KN |z NAUCNA | ||